Aller au contenu

Биология человека учебное пособие

Пособие содержит теоретический материал для самостоятельного изучения по отдельным главам дисциплины «Биология человека». Предназначено для студентов , обучающихся по направлению подготовки «Биология»....

Description complète

Enregistré dans:
Détails bibliographiques
Auteur principal: Хашхожева Д. А.
Autres auteurs: Суншева Б. М., Паритов А. Ю., Аккизов А. Ю.
Format: Книга
Langue:Russian
Publié: Нальчик КБГУ 2018
Accès en ligne:https://e.lanbook.com/book/170821
https://e.lanbook.com/img/cover/book/170821.jpg
Tags: Ajouter un tag
Pas de tags, Soyez le premier à ajouter un tag!
LEADER 01728nam0a2200301 i 4500
001 170821
003 RuSpLAN
005 20221220174124.0
008 221220s2018 ru gs 000 0 rus
040 |a RuSpLAN 
041 0 |a rus 
044 |a ru 
080 |a 572.79 
084 |a 28.70  |2 rubbk 
245 0 0 |a Биология человека  |b учебное пособие  |c Хашхожева Д. А.,Суншева Б. М.,Паритов А. Ю.,Аккизов А. Ю. 
260 |a Нальчик  |b КБГУ  |c 2018 
300 |a 119 с. 
500 |a Рекомендовано Редакционно-издательским советом КБГУ в качестве учебного пособия для студентов, обучающихся по направлению подготовки 06.03.01 Биология 
504 |a Библиогр.: доступна в карточке книги, на сайте ЭБС Лань 
520 8 |a Пособие содержит теоретический материал для самостоятельного изучения по отдельным главам дисциплины «Биология человека». Предназначено для студентов , обучающихся по направлению подготовки «Биология». 
521 8 |a Книга из коллекции КБГУ - Биология 
100 1 |a Хашхожева Д. А. 
700 1 |a Суншева Б. М. 
700 1 |a Паритов А. Ю. 
700 1 |a Аккизов А. Ю. 
856 4 |u https://e.lanbook.com/book/170821 
856 4 8 |u https://e.lanbook.com/img/cover/book/170821.jpg 
953 |a https://e.lanbook.com/img/cover/book/170821.jpg